Le prénom Philippe dans d'autres langues - Statistiques

Statistiques générales
  • Ce quiz a été pris 31 fois
  • Le résultat moyen est 4 sur 20
Statistiques - réponses
Hint Réponse % Correct
Anglais Philip
69%
Espagnol Felipe
65%
Italien Filippo
42%
Portugais Filipe
31%
Allemand Philipp
31%
Catalan Felip
27%
Grec Filippos
27%
Finnois Vilppu
27%
Espéranto Filipo
23%
Lituanien Pilypas
23%
Occitan Felip
19%
Luxembourgeois Flepp
12%
Roumain Filip
8%
Russe Filipp
8%
Hongrois Fulop
8%
Serbe Filip
4%
Breton Fulup
4%
Néerlandais Filip
0%
Polonais Filip
0%
Letton Filips
0%
Aucun quiz correspondant
Distribution des résultats
% des personnes avec chaque résultat
Percentile par nombre de réponses
Votre historique - résultats
Vous n’avez pas pris ce quiz